Cime montuose per Continente - Click Quiz - Statistics

Statistiche generali
  • Questo quiz è stato fatto 1.746 volte
  • Il punteggio medio è 10 su 20
Statistiche sulle risposte
Hint Risposta % Corretto
Everest 3. Asia
96%
Monte Bianco 4. Europa
96%
Monte Fuji 3. Asia
89%
Kilimanjaro 1. Africa
85%
K2 3. Asia
83%
Cervino 4. Europa
73%
Aoraki / Mount Cook 6. Oceania
56%
Huascarán 7. Sud America
56%
Aconcagua 7. Sud America
55%
Picco Cristoforo Colombo 7. Sud America
47%
Monte Rainier 5. Nord America
46%
Monte Elbrus 4. Europa
41%
Annapurna 3. Asia
37%
Denali 5. Nord America
35%
Jbel Toubkal 1. Africa
31%
Table Mountain 1. Africa
22%
Vinson Massif 2. Antartide
21%
Monte Kosciuszko 6. Oceania
16%
Piton de la Fournaise 1. Africa
12%
Pico de Orizaba 5. Nord America
11%
Nessun quiz corrispondente trovato
Distribuzione punteggi
Percentuale di utenti per punteggio
Percentile per numero di risposta
I tuoi punteggi nel tempo
Non hai fatto questo quiz